000 00672nam a2200205Ia 4500
005 20250508165508.0
008 008 250505s9999 xx 000 0 hin d
037 _aTextual
040 _aFEDL
_beng
_cFEDL
041 _ahin
_2hin
084 _a155.433, NCE
_qFEDL
100 _aNayar Usha
245 0 _aBalika ka sakaratmak aatm- bodh vikas: Prathmik ster per karyarat shikshakon va mukhye shikshakon ke liye sadhan samgree
245 0 _cNCERT
260 _aNew Delhi, India
_bNational Council of Educational Research and Training
_c1997
300 _aix, 184p.
365 _aINR
_b82
942 _cTEXL
_h155.433, NCE
999 _c1395436
_d1395436